000 00310nam a22001337a 4500
008 171103b xxu||||| |||| 00| 0 eng d
020 _a2900324322711
041 _aeng
080 _24TH
_a339.138
100 _a60
101 _aMAR
245 _aADVERTISING CAMPAIGN STRATEGY
_cPARENTE,D.E
942 _2udc
_cBK
999 _c37535
_d37535